000 00707nam a2200229 i 4500
001 133497
003 ES-MaACL
005 20250805062609.0
007 t|
008 070816s1982 sp ||||1| spa d
100 1 _aWolf, Mauro.
_9117234
245 1 0 _aSociologías de la vida cotidiana /
_cMauro Wolf ; prefacio de Jorge Lozano ; [traducción de Sol Gavira].
260 _aMadrid :
_bCátedra,
_c[1982]
300 _a223 p. ;
_c18 cm.
490 1 _aColección Teorema
650 7 _aSociología
_2embne
_917195
700 1 _aLozano, Jorge.
_974420
700 1 _aGavira, Soledad.
_956089
830 0 _aColección Teorema
_9181648
852 _aES-MaACL
_jL-3227
_bR.104187
999 _c133497
_d133497